Ed Sheeran Discography - Statistics

General Stats
  • This quiz has been taken 39 times
    26 since last reset
  • The average score is 5 of 22
Answer Stats
Type Year Name % Correct
Album 2011 +
96%
Album 2017 ÷
92%
Album 2014 x
88%
Album 2019 No.6 Collaborations Project
52%
EP 2006 Ed Sheeran
24%
Box Set 2015 5
20%
EP 2010 Loose Change
20%
Live EP 2010 Live at the Bedford
16%
EP 2011 No. 5 Collaborations Project
16%
EP 2010 Songs I Wrote with Amy
16%
Video Album 2015 Jumpers for Goalposts: Live at Wembley Stadium
12%
EP 2009 You Need Me
12%
Collaborative EP 2012 The Slumdon Bridge
8%
Live EP 2011 iTunes Festival: London 2011
4%
Live EP 2012 iTunes Festival: London 2012
4%
EP 2011 One Take EP
4%
EP 2011 Thank You
4%
EP 2005 The Orange Room
4%
EP 2007 Want Some?
4%
EP 2014 Deezer Session
0%
Live EP 2014 Live and in Session
0%
EP 2017 Spotify Singles
0%
No matching quizzes found
Score Distribution
Percent of People with Each Score
Percentile by Number Answered
Your Score History
You have not taken this quiz since the last reset